El tao de la vida cotidiana: una guía para el pleno desarrollo personal

Guardat en:
Dades bibliogràfiques
Autor principal: Hua, Ching Ni (Autor)
Format: Llibre
Idioma:espanyol
Publicat: Barcelona Oniro 1998
Col·lecció:Colección El Viaje Interior, 7
Matèries:
Etiquetes: Afegir etiqueta
Sense etiquetes, Sigues el primer a etiquetar aquest registre!

MARC

LEADER 00000nam a2200000 a 4500
001 UCP5169
003 CL-VaPUC
008 990903e19980000SP |||||||||||||||||spa|d
082 0 4 |a 299.514  |b HUA  |2 21 
100 0 |a Hua, Ching Ni  |e author  |9 433335 
245 1 3 |a El tao de la vida cotidiana: una guía para el pleno desarrollo personal 
300 |a 202 p 
942 |c BK 
945 |d 19990903 00:00:00  |a rbrito 
260 |a Barcelona  |b Oniro  |c 1998 
650 0 |a Filosofía oriental  |9 319113 
650 7 |a TAOISMO  |2 CL-VaPUC  |9 323460 
650 7 |a FILOSOFIA CHINA  |2 CL-VaPUC  |9 266932 
650 7 |a MEDITACION  |2 CL-VaPUC  |9 313094 
583 |a last modification  |c 19990903 00:00:00  |k Rodrigo Vera 
490 0 |a Colección El Viaje Interior, 7 
999 |c 282961  |d 282959 
952 |0 0  |1 0  |4 0  |6 299_514000000000000_HUA_1998  |7 0  |8 A  |9 325660  |a BIBGIM  |b BIBGIM  |d 2019-11-20  |i 3554627  |l 1  |o 299.514 HUA 1998  |p 3554627  |q 2024-07-12  |r 2024-07-01  |s 2024-07-01  |w 2019-11-20  |y BK  |k ORI